000 00756nam a22001217a 4500
040 _cRUA
100 _aROEURN SOPHAI,រឿន សុផៃ
245 _aANTIBIOTICS RESISTANT PROFILES IN SALMONELLA SPP.IN CHICKENS AND PORK IN RETAIL AT MARKET OF KAMPONG SPEU AND TAKEO PROVINCE.ករណី Salmonella spp.ស៊ាំនិងឱសថអង់ទីប្យូទិចក្នុងសាច់មាន់ និងសាច់ជ្រូកលក់នៅទីផ្សារខេត្តកំពង់ស្ពឺ និងខេត្តតាកែវ
260 _aphnom penh
_brua
_c2019
300 _avii.32p.
_bill.
_c29cm.
856 _uhttps://drive.google.com/file/d/12AuPiuoC2Xfdwc0a33YuJXtYJs7U8T7h/view?usp=share_link
942 _cVEM
999 _c20378
_d20378